La meritocratie mai 2003

Sparad:
Bibliografiska uppgifter
Huvudupphovsman: Young, Michael
Materialtyp: Bok
Språk:Undetermined
Publicerad: Paris Futuribles 1969
Ämnen:
Taggar: Lägg till en tagg
Inga taggar, Lägg till första taggen!
Thư viện lưu trữ: Trung tâm Học liệu Trường Đại học Cần Thơ
LEADER 00463nam a2200181Ia 4500
001 CTU_89467
008 210402s9999 xx 000 0 und d
082 |a 303.44 
082 |b Y68 
100 |a Young, Michael 
245 0 |a La meritocratie mai 2003 
245 0 |c Michael Young 
260 |a Paris 
260 |b Futuribles 
260 |c 1969 
650 |a Intellectuals,Progress 
904 |i Mai Loan 
980 |a Trung tâm Học liệu Trường Đại học Cần Thơ